[Event "Biel GM 51st"]
[Site "Biel"]
[Date "2018.07.23"]
[Round "2"]
[White "Vachier Lagrave, Maxime"]
[Black "Carlsen, Magnus"]
[Result "0-1"]
[WhiteElo "2779"]
[BlackElo "2842"]
[Annotator "Nielsen,Peter Heine"]
[PlyCount "158"]
[EventDate "2018.07.22"]
[EventType "tourn"]
[EventRounds "10"]
[EventCountry "SUI"]
[EventCategory "20"]
[SourceTitle "CBM 186"]
[Source "ChessBase"]
[SourceDate "2018.09.14"]
[SourceVersion "1"]
[SourceVersionDate "2018.09.14"]
[SourceQuality "1"]

1. e4 d6 {The players also faced each other in the last round of the Stavanger
tournament, where both tried to bluff the other by following joint
preparations for the 2016 World Championship match. As neither "blinked", the
game came to a quick conclusion with a repetition. In Biel however, inspired
by his win in the first round, Magnus immediately tries taking the game to
uncharted waters by playing the Pirc:} 2. d4 Nf6 3. Nc3 g6 4. Bf4 $5 {Maxime
varies from his usual 4.Be3, afterwards at the press conference saying that he
knew this line, having studied it from Black's perspective via the 1.d4 Nf6 2.
Bf4 g6 3.Nc3 Bg7 4.e4 d6 move order.} c6 5. Nf3 Bg7 6. Qd2 O-O 7. h3 {Played
after some hesitation. A solid positional approach, even thought from the
agressive Frenchman, one might have expected h4, Bh6 and mate!} Qa5 8. e5 $6 {
A somewhat pessimistic decision, forcing an equal ending, instead of a
slightly better middlegame with e.g. 8.Bd3.} dxe5 9. dxe5 Nd5 10. Nxd5 Qxd2+
11. Bxd2 cxd5 12. O-O-O Nc6 13. Bc3 {White's plan takes form. He protects the
pawn on e5 stabilising the centre, and claiming that in the upcoming race
White is quicker on the kingside than Black is on the queenside.} e6 14. h4 h6
{Precaution against White's plan of h5, but the engines suggest a more
provocative alternative just playing 14...Bd7 and if 15.h5 then answering with
...h6! as now Black threatens ...g5 and if 16.hxg6 fxg6 he gets counterplay in
the f-file as well as a possible ...g5.} 15. Bd3 Bd7 16. Rhe1 Rfc8 17. Rd2 $6 {
A miscalculation.} ({White needed to be more careful,} 17. Bd2 $1 {being the
correct plan, intending after} Rab8 18. Kb1 b5 {to play} 19. a3 $1 a5 20. b3 $1
{effectively shutting down the queenside being ready to answer ...a4 with b4,
and ...b4 with a4! One could argue that White then would have a free hand on
the kingside, but Black's solidity there still makes the position rather equal,
even so a much better scenario compared to what happens now:}) 17... Rab8 18.
Rde2 b5 19. Nd4 b4 20. Nxc6 Bxc6 21. Bd4 Bb5 $1 {Black starts exerting
pressure. MVL admitted he underestimated this move, expecting Black first to
protect his a7-pawn by moving it to a5, but forgetting that Bxa7 with a2
unprotected allows Black to just play ...Ra8 and win back the pawn under
favourable circumstances.} 22. Kd2 h5 23. f4 Bf8 24. g4 $5 {A very temporary
pawn sacrifice, speeding up White's counterplay, trying to get to Black's king
first:} hxg4 25. Rg1 Bc5 26. Bxc5 Rxc5 27. Rxg4 Kf8 $1 {King-safety being the
main concern, evacuating the danger area just in time.} 28. Rh2 Bxd3 29. Kxd3
Rc4 $1 {Another key moment, MVL mentioned this as a crucial move he missed and
Black is now better as he combines exerting pressure along the 4th rank and
the c-file. From a practical point of view correct, but White still has a
hidden defence:} 30. h5 gxh5 31. Rxh5 Ke7 32. Rgh4 $2 {An outright blunder
finally changing Black's position from practically better, to a real
substantial edge.} (32. Rh6 $1 {with the idea of} Rbc8 33. Rf6 $1 Rxc2 $2 34.
Rg7 $1 {shows that Black's attack is not as dangerous as it might seem at
first sight, as here White's king remains safe, and White gets to attack just
in time.}) 32... Rg8 33. f5 Rg3+ 34. Kd2 Rg2+ 35. Kd1 Rcxc2 36. f6+ {MVL had
pinned his hopes on this, but while he does get some counterplay, the
difference in king-safety is a huge difference. In the above line the white
king felt at least somewhat safe at d3, while now on d1 mating threats are
imminent.} Kd7 37. Rxb4 a5 38. Rb8 Rcf2 39. Ke1 Kc6 $1 (39... Rxb2 40. Rxb2
Rxb2 41. Rh7 $1 {creates counterplay, so Black's trick is to keep the mating
threats against the white king, while trying to walk his own into safety.}) 40.
Rc8+ Kb5 $6 {The computer points to this logical move made just before the
time-control as being inaccurate!} (40... Kb6 41. Rh7 Re2+ 42. Kf1 Rgf2+ 43.
Kg1 Rf4 44. Rxf7 Rxe5 {winning for Black, as unlike in the game White now has
no efficient 45.Rb7+.}) 41. Rh7 d4 42. Rg8 $5 {Resourceful and creative as
ever, even in the most dire of situations, the Frenchman manages to cause
confusion.} Re2+ $1 43. Kf1 Rgf2+ $1 44. Kg1 Rf4 $1 45. Rxf7 Rxe5 46. Rc7 Rxf6
$6 {Technically still winning, but} (46... d3 $1 {pushing the passed pawn was
a much cleaner solution.} 47. Rb8+ Ka4 $1 48. Rc3 {might have felt threatening,
but} Rg5+ $1 {mates in two!}) 47. Rb8+ Ka6 48. Rc6+ Ka7 49. Rg8 Rf7 50. Rg6
Re1+ 51. Kg2 d3 $2 (51... Re2+ 52. Kg3 Re3+ 53. Kg2 e5 $19) 52. Rd6 $1 Re2+ 53.
Kh3 d2 54. Rg8 $1 {White simply wants to double in the d-file making sure the
d-pawn goes nowhere as well as if Black starts defending with both rooks on
the 2nd, then there is an easy perpetual on d7 and d8. It is no longer a
matter of Black being winning, but about finding any practical chances.} Kb7
55. Rgd8 d1=Q $5 56. Rxd1 Rxb2 57. Re1 Rf6 58. Rd6 Rxa2 59. Kg3 $5 (59. Rdxe6
Rxe6 60. Rxe6 {then} Rf2 $1 {cutting the white king off as well as 60...Rb2!?
leads to a tablebase win.}) (59. Rb1+ $145 Kc7 60. Ra6 Rg6 $15) 59... Rb2 60.
Re5 Rb3+ 61. Kg2 a4 62. Ra5 $2 (62. Rh5 Rf7 63. Rxe6 $17) 62... a3 63. Rda6
Rff3 $1 64. Ra7+ $5 {At least it looks like counterplay, even if Black's king
easily zig-zags out of the danger zone.} (64. Rxe6 Rfc3 $1 {sets up an
interesting formation, where Black threatens a mating attack on the 2nd and
1st ranks, while if} 65. Re2 {then} Rc6 $1 {followed by ...Ra6 or ...Rb2 wins
easily.}) 64... Kc6 65. R7a6+ Kd7 66. Ra7+ Kd6 67. R7a6+ Ke7 68. Re5 Rfc3 $1 {
Again not caring about the e6-pawn.} 69. Rexe6+ Kd7 70. Kf2 Rb2+ 71. Re2 Rh3
72. Kg2 Rxe2+ 73. Kxh3 a2 74. Kg3 Kc7 75. Kf3 Kb7 76. Ra4 Rh2 77. Ke3 Kb6 78.
Kd3 Kb5 79. Ra8 Kb4 {And as Magnus' king was just in time, MVL resigned.} 0-1

[Event "Biel GM 51st"]
[Site "Biel"]
[Date "2018.07.24"]
[Round "3"]
[White "Carlsen, Magnus"]
[Black "Svidler, Peter"]
[Result "1/2-1/2"]
[WhiteElo "2842"]
[BlackElo "2753"]
[Annotator "Ftacnik,L"]
[PlyCount "52"]
[EventDate "2018.07.22"]
[EventType "tourn"]
[EventRounds "10"]
[EventCountry "SUI"]
[EventCategory "20"]
[SourceTitle "CBM 186"]
[Source "ChessBase"]
[SourceDate "2018.09.14"]
[SourceVersion "1"]
[SourceVersionDate "2018.09.14"]
[SourceQuality "1"]

1. e4 c5 2. Nf3 d6 3. d4 cxd4 4. Nxd4 Nf6 5. Nc3 a6 6. Bg5 Nbd7 {Svidler is
putting his trust in a modern variation 6...Nbd7 which presents White with
bigger challenges than the older 6...e6.} 7. Qe2 h6 8. Bh4 g6 9. f4 Qc7 {
Black is abstaining from advancing the e pawn as the level of risk is much
higher in a direct fight with better developed white pieces.} (9... e5 10. fxe5
dxe5 11. O-O-O (11. Nf3 Qc7 12. O-O-O b5 13. Nd5 Nxd5 14. exd5 Bd6 15. Qe3 Bb7
16. Bd3 f5 $6 (16... Rc8 $11) 17. Nd4 Qb6 18. Bxf5 gxf5 19. Qg3 Nf8 20. Nxf5
$18 {1-0 (38) Khader,S (2392)-Karjakin,S (2760) Riadh 2017}) 11... Qc7 12. Nd5
(12. Nb3 b5 13. Qf3 (13. g4 Be7 14. Qf3 Bb7 15. a3 Nxe4 16. Nxe4 Bxh4 17. Rxd7
Qxd7 18. Nbc5 Bg5+ 19. Kb1 Bxe4 20. Qxe4 Qd1+ 21. Ka2 O-O 22. Bd3 Qd2 $15 {
0-1 (44) Savchenko,B (2550)-Sarana,A (2577) Moscow 2018}) (13. Rxd7 Nxd7 14.
Nd5 Qb8 15. Bf6 Nxf6 16. Nxf6+ Ke7 17. Nd5+ Ke8 18. Nf6+ Ke7 19. Nd5+ Ke8 20.
Nf6+ Ke7 {1/2-1/2 (20) Sarana,A (2613)-Khanin,S (2494) Ekaterinburg 2018})
13... Bg7 14. Kb1 O-O 15. g4 Bb7 16. a3 Rac8 17. Bd3 Qb6 18. Be1 Qe6 19. Rg1
Nb6 20. h4 $14 {0-1 (41) Wan,Y (2500)-Cheparinov,I (2702) China 2018}) 12...
Nxd5 13. exd5 Bd6 14. Nb3 b5 15. Qd2 (15. g4 h5 16. g5 Nb6 17. h3 O-O 18. Na5
Bf5 19. Bg2 e4 20. Rhf1 Bf4+ 21. Kb1 Rad8 $19 {0-1 (48) Yankelevich,L (2442)
-Jakovenko,D (2710) Germany 2017}) 15... g5 (15... f5 16. g4 f4 17. Bd3 Kf7 18.
Qe2 g5 19. Qe4 gxh4 20. Qg6+ Kf8 $11 {1-0 (35) Pichot,A (2552)-Asis Gargatagli,
H (2529) Barcelona 2018}) 16. Be1 Nc5 17. Nxc5 Qxc5 18. h4 g4 19. Bg3 Bd7 20.
Re1 f6 21. Bd3 O-O-O 22. Rhf1 Rdf8 23. Bf5 $16 {1-0 (39) Naiditsch,A (2697)
-Hamdouchi,H (2580) Brest 2018}) 10. O-O-O {Carlsen most likely did not like
10.Nf3 because after the best 10...e5! the knight may turn out to be somewhat
misplaced on f3.} (10. Nf3 Bg7 $6 (10... e5 $1) 11. O-O-O (11. e5 $1 dxe5 12.
fxe5 Ng4 13. O-O-O e6 14. Bg3 h5 15. Ne4 $16) 11... Nb6 12. e5 dxe5 13. fxe5
Nh5 14. Bf2 Be6 15. Qe4 g5 16. Nd4 Bc8 17. g3 Bxe5 18. Nc6 Bd6 19. Bxb6 Qxc6
20. Qd4 Nf6 {0-1 (29) Levrand,R (2156)-Bauer,C (2647) Zuerich 2017} 21. Rg1 $1
Be6 22. Bg2 Qc4 23. Ne4 $16) 10... Bg7 (10... e5 11. fxe5 dxe5 12. Nb3 Bg7 13.
Qc4 $1 Qb8 14. Nc5 O-O 15. Nxd7 Nxd7 16. Nd5 b5 17. Qc6 $16 {1-0 (56) Smirnov,
P (2569)-Bocharov,D (2610) Vladivostok 2016}) 11. g4 {Surprisingly enough
there have been as good as no games played from this position; the players
have to invent theory.} (11. Kb1 O-O 12. Nf3 e5 13. f5 b5 14. g4 b4 15. Nd5
Nxd5 16. exd5 a5 17. g5 e4 18. Nd4 hxg5 $2 (18... Bxd4 $1 19. Rxd4 Ne5 20. fxg6
Bg4 21. Qe3 fxg6 $15) 19. Bxg5 $16 {1-0 (39) Melia,S (2400)-Travkina,A (2287)
Riga 2017}) 11... e5 12. fxe5 Nxe5 (12... dxe5 13. Nb3 O-O $14) 13. h3 Be6 {
We can safely presume, that this move was most likely part of Black's
preparation. Immediate castling has the drawback of a vulnerable f6-knight
that has to defend the sensitive d5-square.} (13... O-O 14. Qf2 g5 15. Bg3 b5
16. Kb1 $16) 14. Qf2 Nfd7 15. Bb5 $5 {The world champion must have tried to
guess which line of attack will turn out to be more efficient - the text move
or the unpleasant 15.Qd2.} (15. Qd2 O-O (15... Nc5 16. Nxe6 fxe6 17. Qxd6 Qxd6
18. Rxd6 O-O 19. b4 Ncd7 20. Ne2 $14) 16. Be7 Rfc8 17. Nxe6 fxe6 18. Qxd6 Nc5
19. Qxc5 Qxc5 20. Bxc5 Rxc5 21. Ne2 $14) 15... O-O (15... axb5 $4 16. Ncxb5 Qa5
17. Nxe6 $18) 16. Bxd7 Qxd7 (16... Nxd7 17. Be7 Rfc8 18. Nxe6 fxe6 19. Bxd6 $14
) 17. Nf5 $6 {[%mdl 32] The temptation to play a flashy attacking move proved
to be too strong. The engine is not so emotional and clearly prefers the
modest positional exchange of the g7-bishop with some advantage.} (17. Bf6 $1
Rac8 (17... Bxf6 18. Qxf6 Qd8 19. Qf4 Kh7 20. Kb1 $14) 18. Bxg7 Kxg7 19. Kb1
$14) 17... gxf5 18. gxf5 Kh7 19. Rhg1 Bh8 {It makes sense to show some respect
to the best player in the world even though objectively even 19...Qc7 with the
knight retreat to g6 was good enough for keeping the balance.} (19... Qc7 20.
Rg3 Ng6 21. Qg2 Rg8 22. fxg6+ fxg6 23. Rgd3 Rac8 $11) 20. Bg3 Rac8 21. Bf4 (21.
fxe6 fxe6 22. Qe2 Rg8 $11) 21... Qe7 $1 {The queen prevents aggression via h4
and prepares to create counterplay on the a1-h8 diagonal.} (21... Bc4 $2 22.
Qh4 Bg7 23. Rxg7+ Kxg7 24. Rg1+ Ng6 25. f6+ $18) 22. fxe6 (22. Kb1 Qf6 (22...
Bc4 23. Bxh6 Kxh6 24. Rxd6+ Kh7 25. f6 Bxf6 26. Rxf6 Ng6 27. h4 $16) 23. fxe6
fxe6 24. Rdf1 Ng6 25. Qg3 Nxf4 26. Rxf4 Rg8 $11) 22... fxe6 23. Qg3 Rg8 {
The disappointed champion must have realised that White has not even a hint of
any advantage.} 24. Qf2 Rgf8 (24... Bg7 25. Rdf1 Nc4 $11) 25. Qg3 Rg8 26. Qf2
Rgf8 1/2-1/2

[Event "Biel GM 51st"]
[Site "Biel"]
[Date "2018.07.29"]
[Round "7"]
[White "Carlsen, Magnus"]
[Black "Vachier Lagrave, Maxime"]
[Result "1/2-1/2"]
[WhiteElo "2842"]
[BlackElo "2779"]
[Annotator "Szabo,Kr"]
[PlyCount "97"]
[EventDate "2018.07.22"]
[EventType "tourn"]
[EventRounds "10"]
[EventCountry "SUI"]
[EventCategory "20"]
[SourceTitle "CBM 186"]
[Source "ChessBase"]
[SourceDate "2018.09.14"]
[SourceVersion "1"]
[SourceVersionDate "2018.09.14"]
[SourceQuality "1"]

1. e4 c5 2. Nf3 d6 3. d4 cxd4 4. Nxd4 Nf6 5. Nc3 a6 6. f3 e5 7. Nb3 Be6 8. Be3
h5 (8... Be7 {is the other main line.}) 9. Qd2 Nbd7 10. Nd5 Bxd5 11. exd5 g6
12. Be2 Bg7 13. O-O a5 {A rare move, probably Black wants to avoid the Na5
variation.} (13... O-O {is the most popular move with a lot of top games.}) 14.
a4 O-O 15. Bb5 $146 {The first new move in the game. It is very logical to put
the B on this square.} (15. Nc1 $6 {(Palekha-Kovchan, Serpukhov 2003) was
weaker, because} Nb6 $1 16. c4 e4 $1 $36 {with good activity for Black.}) 15...
Qc7 16. c4 b6 17. h3 {A useful move to control the g4-square.} ({In the event
of} 17. Rae1 Nc5 18. Nc1 e4 $132 {with some counterplay for Black.}) 17... Nc5
(17... e4 $6 {is dubious, as} 18. f4 $16 {and White has avoided ...Ng4; he is
clearly better.}) 18. Nxc5 bxc5 19. Ra3 $1 {A smart move! White prepares for
Rb3, Bc6, Rb5 and attack the a5-P.} Nh7 20. Rb3 f5 21. Bc6 Rab8 (21... Ra7 $5 {
was the alternative,} 22. Qe1 ({The immediate} 22. Rb5 {could have been met by}
f4 23. Bf2 Ng5 $36 {threatening ...e4 and Black looks nicely placed.}) 22... f4
23. Bd2 Ng5 24. Rb5 e4 $1 {This break-through is the point!} 25. fxe4 $6 Bd4+
26. Kh1 Qc8 $1 {Threatening ...Nxh3.} 27. Bxf4 Nxh3 28. Bxd6 (28. gxh3 $2 Qxh3+
$19) 28... Nf2+ 29. Rxf2 ({If} 29. Kh2 Qg4 $19 {and mate soon.}) 29... Bxf2 30.
Qxf2 Rxf2 31. Rb8 Qxb8 32. Bxb8 Rh7 $17 {at first sight this is a very strange
position, hard to evaluate. The engine gives winning for Black, but by human
measures especially in a practical game this is complicated enough.}) 22. Rb5
f4 23. Bf2 e4 $1 {A great P-sacrifice to create counterplay on the kingside.}
24. Qc2 $1 {A very high-level reply! White doesn't take, just plays a quiet
move.} ({In the event of} 24. fxe4 Qe7 25. Qd3 (25. Qc2 f3 $40) 25... Qe5 $44 {
with good compensation for the P.}) 24... Qe7 (24... exf3 $2 25. gxf3 $16) (
24... e3 $5 {would be interesting,} 25. Be1 Rxb5 26. axb5 Kf7 $132 {followed
by ...Bd4 with a double-edged fight.}) 25. Qxe4 Qxe4 26. fxe4 Ng5 {Suddenly
they have exchanged the Qs; White is a P up, but Black has some counterplay
for it.} 27. Re1 Nf7 28. Rb1 ({In the event of} 28. b3 Bc3 29. Rc1 Bb4 {
and it's not clear how White can improve his position.}) 28... Ng5 29. Rxa5 (
29. Re1 $11 {would be a repetition.}) 29... Rb3 $1 {A great move to create
counterplay!} (29... Nxe4 $2 {could have been met by} 30. Rb5 $1 $16 {and the
a-P is unstoppable.}) 30. Rb5 Rd3 31. Re1 $2 {The most natural move, but this
is a decisive mistake!} (31. a5 $2 {is too slow, because of} f3 $1 32. a6 fxg2
33. a7 Nxh3+ 34. Kxg2 Rxf2+ 35. Kh1 Rdd2 $1 36. a8=Q+ Kh7 $19 {and White can't
avoid the mate!}) ({The brilliant} 31. e5 $3 {can only hold the position,} Bxe5
32. Re1 f3 33. h4 $1 fxg2 34. hxg5 Rd2 35. Rxe5 $1 dxe5 36. d6 $1 Rfxf2 37.
Bd5+ Kf8 38. Rb8+ $11 {and perpetual checks.}) 31... f3 $1 {Black has a strong
attack even without Qs too.} 32. h4 Nf7 $6 {Black is missing the chance.} (
32... fxg2 $1 {was the winning move,} 33. hxg5 Rd2 34. Be3 Rc2 $19 {and White
can't avoid the ...Be5, ...Rf1 followed by ...Bh2 winning plan. Of course in a
practical game, it isn't so easy to find.}) 33. a5 Ne5 34. a6 Rd2 $1 {The
correct reply!} ({The immediate} 34... fxg2 $2 {could have been met by} 35. Re2
$1 $18 {and White has protected his position and the a-P is unstoppable.}) 35.
a7 fxg2 36. a8=Q Nf3+ 37. Kxg2 Nxe1+ 38. Kf1 Rdxf2+ 39. Kxe1 Rxa8 40. Kxf2 Rf8+
41. Ke2 Rf4 {The position is simplifying, still White needs some accurate
moves to reach the draw, but for Carlsen it is not a difficult task.} 42. b4 $1
{The best way!} cxb4 43. c5 Be5 ({The greedy} 43... dxc5 $6 {is dubious, as}
44. d6 $1 {and suddenly the white Ps are becoming fast.}) (43... Rxe4+ 44. Kf3
Rxh4 45. cxd6 $11) 44. cxd6 Bxd6 45. Kd3 Kf7 46. Rb6 Bc5 47. Rb5 Bd6 48. Rb6
Bc5 49. Rb5 {What a great fight!} 1/2-1/2